Five Biggest Countries by Time Zone - Full Version - Statistics

General Stats
  • This quiz has been taken 1,733 times
  • The average score is 43 of 55
Answer Stats
Time Zone (UTC...) Country % Correct
-10:00, -9:00, -8:00, -7:00, -6:00, -5:00, -4:00 United States
100%
-8:00, -7:00, -6:00, -5:00, -4:00, -3:00 Canada
99%
+12:00, +11:00, +10:00, +9:00, +8:00, +7:00, +6:00, +5:00, +4:00, +3:00, +2:00 Russia
99%
+8:00 China
98%
+11:00, +10:00, +8:00, +7:00 Australia
97%
-5:00, -4:00, -3:00, -2:00 Brazil
97%
-8:00, -7:00, -6:00, -5:00 Mexico
96%
-3:00 Argentina
95%
+1:00 Algeria
92%
+2:00, +1:00 DR Congo
92%
+9:00, +8:00, +7:00 Indonesia
91%
+6:00, +5:00 Kazakhstan
91%
+13:00, +12:00 New Zealand
91%
+9:00 Japan
90%
+2:00 South Africa
89%
+3:00 Saudi Arabia
88%
-3:00 Chile
87%
+9:00, +8:00, +7:00 Mongolia
85%
+1:00 Niger
85%
-5:00 Peru
85%
+2:00 Egypt
84%
+5:00 Pakistan
84%
+1:00 Chad
82%
+2:00 Libya
82%
+3:00 Sudan
82%
±0:00 Mali
81%
+13:00, +12:00 Fiji
80%
±0:00 Morocco
80%
+14:00, +13:00, +12:00 Kiribati
79%
-4:00 Bolivia
78%
+10:00 Papua New Guinea
77%
+14:00, +13:00 Samoa
77%
+3:00 Ethiopia
76%
±0:00 Mauritania
76%
+5:00 Turkmenistan
75%
+5:00 Uzbekistan
75%
+7:00 Thailand
74%
+13:00 Tonga
74%
+11:00 Solomon Islands
73%
+1:00 Angola
72%
-4:00, -3:00 Paraguay
71%
+11:00 Vanuatu
71%
+3:00 Tanzania
70%
+11:00, +10:00 FS of Micronesia
68%
+9:00 South Korea
65%
+6:00 Kyrgyzstan
62%
+4:00 Oman
62%
+6:00 Bangladesh
55%
+4:00 Georgia
54%
±0:00 Burkina Faso
53%
-1:00 Cape Verde
53%
±0:00 Côte d’Ivoire
53%
+4:00 Armenia
52%
+4:00 United Arab Emirates
52%
+6:00 Bhutan
45%
No matching quizzes found
Score Distribution
Percent of People with Each Score
Percentile by Number Answered
Your Score History
You have not taken this quiz